| 000 | 00365nam a22001337a 4500 | ||
|---|---|---|---|
| 999 |
_c518951 _d518951 |
||
| 008 | 211227b ||||| |||| 00| 0 eng d | ||
| 100 |
_a Saurabh, Sameera _931863 |
||
| 245 | _aAugmenting rural healthcare infrastructure | ||
| 260 | _aKurukshetra | ||
| 300 | _a69(9), Jul, 2021: p.43-47 | ||
| 773 | _aKurukshetra | ||
| 906 | _aHEALTH SERVICES | ||
| 942 | _cAR | ||